| 000 | 01680cam a22003494a 4500 | ||
|---|---|---|---|
| 999 |
_c19926 _d19926 |
||
| 001 | 13654875 | ||
| 005 | 20170118082203.0 | ||
| 008 | 040714s2005 inuab b 001 0 eng | ||
| 010 | _a 2004016533 | ||
| 020 | _a0253344875 (cloth : alk. paper) | ||
| 042 | _apcc | ||
| 043 | _aa-ii--- | ||
| 050 | 0 | 0 | _aNA6007 .B4G55 2005 |
| 100 | 1 |
_aGhosh, Pika, _d1969- |
|
| 245 | 1 | 0 |
_aTemple to love : _barchitecture and devotion in seventeenth-century Bengal / _cPika Ghosh. |
| 260 |
_aBloomington : _bIndiana University Press, _cc2005. |
||
| 300 |
_axv, 255 p. : _bill., maps ; _c26 cm. |
||
| 440 | 0 | _aContemporary Indian studies | |
| 504 | _aIncludes bibliographical references (p. 229-246) and index. | ||
| 505 | 0 | _aDesire, devotion, and the double-storied temple -- A paradigm shift -- Acts of accommodation -- Axes and the mediation of worship -- Epilogue: A new sacred center. | |
| 650 | 0 |
_aTemples _zIndia _zBengal. |
|
| 650 | 0 |
_aArchitectural terra-cotta _zIndia _zBengal. |
|
| 650 | 0 |
_aTerra-cotta sculpture, Indic _zIndia _zBengal. |
|
| 650 | 0 |
_aArchitecture _zIndia _zBengal _xHistory _y17th century. |
|
| 650 | 0 | _aArchitecture and religion. | |
| 856 | 4 | 1 |
_3Table of contents _uhttp://www.loc.gov/catdir/toc/ecip0420/2004016533.html |
| 942 |
_2lcc _cBOOKS _hNA6007 .B4G55 2005 |
||